000 00675nam a2200289Ia 4500
005 20260324115307.0
008 008 260324s9999 xx 000 0 eng d
020 _a9780429400681
037 _aEBOOK
040 _aCRL
040 _beng
040 _cCRL
041 _2eng
041 _aeng
084 _qCRL
100 _aJohn Andraos
_91154111
245 0 _aSynthesis Green Metrics
245 0 _bProblems, Exercises, and Solutions
260 _bTaylor and Francis
260 _c2018
365 _a
365 _b600
856 _uhttp://www.taylorfrancis.com/books/9780429400681
942 _cEBOOK
999 _c1744883
_d1744883